| 000 | 00428nam a2200145 a 4500 | ||
|---|---|---|---|
| 001 | 3346 | ||
| 003 | CDMR | ||
| 005 | 20131118131710.0 | ||
| 008 | 130130s1964||||||||||||||||||||||||||||d | ||
| 040 |
_aCDMR _bcat _cCDMR |
||
| 110 | 2 |
_aAssociació de la Premsa de Barcelona _939 |
|
| 245 | 1 | 0 |
_aReglamento _b: Asociación de la Prensa de Barcelona |
| 260 |
_aBarcelona _c[1964] _bAsociación de la Prensa de Barcelona |
||
| 942 |
_cFULLET _2udc |
||
| 999 |
_c3346 _d3346 |
||